000 00921nam a2200265Ia 4500
003 OSt
005 20220923211439.0
006 a|||||r|||| 00| 0
007 ta
008 220922b |||||||| |||| 00| 0 hin d
020 _a9789350007723 (hbk)
_c295
024 _a281,224
037 _b273, 03/03/2014, Vani Prakashan
_cTextual
040 _aARTS
_cARTS
_bhin
041 _2hin
_ahin
082 _aO111,3M82,AE, 152Q1
100 _aवुल्फ, वर्जीनिया
245 0 _aअपना एक कमरा
246 _aApanā ek kamarā
260 _aनई दिल्ली
_b वाणी प्रकाशन
_c2011
300 _a160पृ.
_ccm.
650 _aहिन्दी साहित्य
_9156264
942 _hO111,3M82,AE, 152Q1
_cTEXL
_2CC
999 _c299635
_d299635